| 000 | 00599nam a2200193 i 4500 | ||
|---|---|---|---|
| 001 | 95503 | ||
| 003 | ES-MaACL | ||
| 005 | 20250728111658.0 | ||
| 007 | t| | ||
| 008 | 050531s1972 sp |||| | spa d | ||
| 080 | _a2:32 | ||
| 100 | 1 |
_aLladó, Josep M. _972646 |
|
| 245 | 1 | 3 |
_aEl compromiso temporal _b: política para católicos : [para un futuro mundial con libertad, justicia y paz] / _cJosé María Lladó. |
| 260 |
_aBarcelona : _bCedro, _c[1972] |
||
| 300 |
_a304 p. ; _c20 cm. |
||
| 650 | 7 |
_aReligión y política _2embne _916813 |
|
| 852 |
_aES-MaACL _jC-46914 |
||
| 999 |
_c95503 _d95503 |
||